[Event "VIII Floripa Chess Open 2022 - LIRA - m"]
[Site "Lira Tênis Clube - Florianó"]
[Date "2022.01.26"]
[Round "4.179"]
[White "Monteiro, Daniel Zotelli"]
[Black "Fonseca, Rogerio Da Silva"]
[Result "1-0"]
[WhiteElo "1614"]
[BlackElo "1201"]
[PlyCount "59"]
[EventDate "2022.01.24"]
[EventRounds "10"]
[EventCountry "BRA"]

1. e4 e5 2. Nf3 Nc6 3. Bc4 Nd4 4. Nxd4 exd4 5. Qh5 Qe7 6. O-O Nf6 7. Qf3 d6 8.
d3 Bg4 9. Qg3 Qd7 10. h3 Nh5 11. Qxg4 Qxg4 12. hxg4 Nf6 13. f3 O-O-O 14. Bxf7
Rd7 15. Be6 Kb8 16. Bxd7 Nxd7 17. Bf4 Nc5 18. Nd2 Be7 19. Nb3 Ne6 20. Bg3 h5
21. gxh5 Rxh5 22. Kf2 Bg5 23. Rh1 Rxh1 24. Rxh1 b6 25. Ke2 Kb7 26. c3 Nd8 27.
Nxd4 c5 28. Nf5 Nf7 29. Nxd6+ Nxd6 30. Bxd6 1-0

[Event "VIII Floripa Chess Open 2022 - LIRA - m"]
[Site "Lira Tênis Clube - Florianó"]
[Date "2022.01.26"]
[Round "4.180"]
[White "Klein, Louise Da Silveira"]
[Black "Da Cunha, Gastao"]
[Result "0-1"]
[WhiteElo "1721"]
[BlackElo "1602"]
[PlyCount "42"]
[EventDate "2022.01.24"]
[EventRounds "10"]
[EventCountry "BRA"]

1. d4 e6 2. Nf3 d5 3. Bf4 Bd6 4. Bg3 Nf6 5. Nbd2 O-O 6. e3 Nbd7 7. Bd3 Re8 8.
Ne5 Nf8 9. c3 Ng6 10. h4 Nd7 11. Bxg6 fxg6 12. h5 Bxe5 13. dxe5 g5 14. h6 g6
15. Qg4 Nc5 16. Rd1 Nd3+ 17. Ke2 Nxb2 18. Rb1 Nc4 19. Nf3 b6 20. Nxg5 Ba6 21.
Nxe6 Nxe5+ 0-1

[Event "VIII Floripa Chess Open 2022 - LIRA - m"]
[Site "Lira Tênis Clube - Florianó"]
[Date "2022.01.26"]
[Round "4.181"]
[White "Santiago, Mauro"]
[Black "Grundmann, Julia Cristhine"]
[Result "1-0"]
[WhiteElo "1602"]
[BlackElo "1183"]
[PlyCount "95"]
[EventDate "2022.01.24"]
[EventRounds "10"]
[EventCountry "BRA"]

1. d4 d5 2. c4 e6 3. Nc3 f5 4. g3 Nf6 5. Bg2 Nc6 6. Nf3 b6 7. cxd5 Nxd5 8. O-O
Bb7 9. Nxd5 Qxd5 10. Ne5 Qd6 11. Qa4 Ke7 12. Nxc6+ Bxc6 13. Qxc6 Qxc6 14. Bxc6
Rc8 15. Bf4 Kf7 16. Rac1 Bd6 17. Rc2 Rhd8 18. e3 Kf6 19. Rfc1 a5 20. Bb5 Bxf4
21. gxf4 c5 22. dxc5 bxc5 23. f3 g5 24. e4 fxe4 25. fxe4 Rd4 26. fxg5+ Kxg5 27.
Rxc5+ Rxc5 28. Rxc5+ Kf4 29. e5 h5 30. Rc4 Rxc4 31. Bxc4 Kxe5 32. Kf2 Kf5 33.
Kf3 e5 34. Bd3+ Kf6 35. h4 Ke6 36. Ke4 Kf6 37. Be2 Ke6 38. Bxh5 Kf6 39. b3 Ke6
40. Bg4+ Kf6 41. h5 Kg5 42. Bf3 Kf6 43. h6 Kg6 44. Kxe5 Kxh6 45. Kd5 Kg7 46.
Kc5 Kf8 47. Kb5 Ke7 48. Kxa5 1-0

[Event "VIII Floripa Chess Open 2022 - LIRA - m"]
[Site "Lira Tênis Clube - Florianó"]
[Date "2022.01.26"]
[Round "4.182"]
[White "Vieira, Luiza Lessing"]
[Black "Santillan, Julian"]
[Result "0-1"]
[WhiteElo "1489"]
[BlackElo "1599"]
[PlyCount "90"]
[EventDate "2022.01.24"]
[EventRounds "10"]
[EventCountry "BRA"]

1. Nf3 Nc6 2. c4 e5 3. g3 Nf6 4. d3 Bc5 5. e3 O-O 6. Bg2 d5 7. cxd5 Nxd5 8. O-O
Bg4 9. Nc3 Ndb4 10. Qe2 Qxd3 11. Qxd3 Nxd3 12. e4 Nxc1 13. Raxc1 f6 14. Nd5 Bd6
15. Rfd1 Nd4 16. Re1 Bxf3 17. Bh3 Ne2+ 18. Rxe2 Bxe2 19. Be6+ Kh8 20. Re1 Bh5
21. f4 Bf7 22. Bg4 Bxd5 23. exd5 exf4 24. gxf4 Bxf4 25. Re7 Bd6 26. Re2 Rae8
27. Rc2 Re1+ 28. Kg2 f5 29. Bf3 Rfe8 30. b4 g5 31. h3 Kg7 32. a3 Kg6 33. Be2
R8xe2+ 34. Rxe2 Rxe2+ 35. Kf3 Re4 36. Kg2 Re3 37. Kf2 Rg3 38. Ke2 Kf6 39. Kd2
Ke5 40. Kc2 Kd4 41. Kb2 Kc4 42. Kc2 Rg2+ 43. Kd1 Bg3 44. Kc1 Kc3 45. d6 Rg1#
0-1

[Event "VIII Floripa Chess Open 2022 - LIRA - m"]
[Site "Lira Tênis Clube - Florianó"]
[Date "2022.01.26"]
[Round "4.183"]
[White "Neitzel, Jonatan"]
[Black "Andrade De Oliveira, Rafael Eduardo"]
[Result "0-1"]
[WhiteElo "1592"]
[BlackElo "1179"]
[PlyCount "58"]
[EventDate "2022.01.24"]
[EventRounds "10"]
[EventCountry "BRA"]

1. c4 Nf6 2. Nc3 e6 3. g3 d5 4. cxd5 exd5 5. d4 Be7 6. Bg2 O-O 7. Nf3 b6 8. O-O
Bb7 9. Bd2 c5 10. e3 Nc6 11. a3 Re8 12. Re1 Bf8 13. Qb3 Na5 14. Qc2 c4 15. Rad1
Ne4 16. Nxe4 dxe4 17. Ne5 b5 18. Bxa5 Qxa5 19. b4 Qc7 20. h3 f6 21. Ng4 a5 22.
Qb1 axb4 23. axb4 Ra4 24. Re2 Rxb4 25. Rb2 Rxb2 26. Qxb2 b4 27. Rc1 Bd5 28. Bf1
b3 29. Qd2 c3 0-1

[Event "VIII Floripa Chess Open 2022 - LIRA - m"]
[Site "Lira Tênis Clube - Florianó"]
[Date "2022.01.26"]
[Round "4.185"]
[White "Moretto, Heitor Frainer"]
[Black "Mariani, Kim Paul"]
[Result "1-0"]
[WhiteElo "1587"]
[BlackElo "1119"]
[PlyCount "57"]
[EventDate "2022.01.24"]
[EventRounds "10"]
[EventCountry "BRA"]

1. Nf3 d5 2. g3 c5 3. Bg2 Nc6 4. d4 Nf6 5. O-O Bg4 6. Ne5 Bf5 7. Nxc6 bxc6 8.
c4 e6 9. Qa4 Qd7 10. dxc5 Bxc5 11. Nc3 O-O 12. Bg5 Ne8 13. Rfd1 Nc7 14. Rac1
Rab8 15. b3 Rb6 16. cxd5 exd5 17. Qh4 Ne6 18. Na4 Rb5 19. Nxc5 Rxc5 20. Rxc5
Nxc5 21. Be7 Re8 22. Bxc5 Rxe2 23. Qa4 h6 24. Bxa7 Qe8 25. Be3 Bc2 26. Rf1 Be4
27. Qd4 Bg6 28. a4 Bc2 29. Bf3 1-0

[Event "VIII Floripa Chess Open 2022 - LIRA - m"]
[Site "Lira Tênis Clube - Florianó"]
[Date "2022.01.26"]
[Round "4.187"]
[White "Munhoz, Joao Pedro"]
[Black "Mauro, Roberto Da Silva"]
[Result "1-0"]
[WhiteElo "1550"]
[BlackElo "1800"]
[PlyCount "134"]
[EventDate "2022.01.24"]
[EventRounds "10"]
[EventCountry "BRA"]

1. e4 c5 2. Nc3 Nc6 3. g3 d6 4. Bg2 Nf6 5. d3 g6 6. h3 Bg7 7. f4 Bd7 8. Nf3 Qb6
9. O-O e6 10. Kh2 h5 11. Rb1 Nd4 12. Be3 Nxf3+ 13. Bxf3 e5 14. b4 Ng4+ 15. Bxg4
hxg4 16. Nd5 Rxh3+ 17. Kg2 Qc6 18. b5 Qc8 19. b6 f5 20. Nc7+ Ke7 21. fxe5 Bxe5
22. Bg5+ Kf7 23. Bh4 Rxh4 24. gxh4 f4 25. Nxa8 f3+ 26. Rxf3+ gxf3+ 27. Qxf3+
Kg7 28. Rf1 Bg4 29. Qf7+ Kh6 30. Qf8+ Qxf8 31. Rxf8 axb6 32. Nxb6 Bd1 33. Rf2
Kh5 34. Nc4 Bd4 35. Rd2 Bg4 36. Kg3 b5 37. Na3 Bd7 38. c4 Be5+ 39. Kf3 Bg4+ 40.
Kg2 b4 41. Nb5 Kxh4 42. d4 Bh3+ 43. Kg1 Bf4 44. Re2 Bg4 45. Re1 Bd2 46. Rb1 Bf4
47. e5 dxe5 48. dxc5 Be3+ 49. Kg2 Bh3+ 50. Kf3 Bxc5 51. Re1 g5 52. Rxe5 g4+ 53.
Kf4 Bg1 54. Re8 Bh2+ 55. Ke3 Kg3 56. Nd6 Bg1+ 57. Ke2 Bg2 58. Nf5+ Kf4 59. Nh4
Be4 60. Kf1 Bd4 61. Ng2+ Kf3 62. Ne1+ Ke3 63. Nc2+ Kd3 64. Nxd4 Kxd4 65. Rxe4+
Kxe4 66. a4 Kd4 67. a5 Kc5 1-0

[Event "VIII Floripa Chess Open 2022 - LIRA - m"]
[Site "Lira Tênis Clube - Florianó"]
[Date "2022.01.26"]
[Round "4.200"]
[White "Silva, Jeferson"]
[Black "Melo, Sergio Roberto Samp"]
[Result "1-0"]
[WhiteElo "1800"]
[BlackElo "1646"]
[PlyCount "61"]
[EventDate "2022.01.24"]
[EventRounds "10"]
[EventCountry "BRA"]

1. e4 e6 2. d4 d5 3. Nd2 a6 4. Bd3 c5 5. Ngf3 Nc6 6. exd5 Qxd5 7. dxc5 Bxc5 8.
Ne4 Be7 9. c3 Nf6 10. Qe2 O-O 11. O-O Rd8 12. Bc2 Qa5 13. Nxf6+ Bxf6 14. Rd1
Rxd1+ 15. Qxd1 e5 16. Ng5 Qd8 17. Bxh7+ Kf8 18. Qxd8+ Nxd8 19. Be4 Bd7 20. Be3
Rc8 21. Rd1 Ke7 22. Bd5 Ne6 23. Nxe6 Bxe6 24. Bxb7 Rc7 25. Bxa6 Bxa2 26. c4 Bb3
27. Rd3 Rc6 28. Rxb3 Rxa6 29. Rb7+ Ke8 30. g3 Rc6 31. c5 1-0

[Event "VIII Floripa Chess Open 2022 - LIRA - m"]
[Site "Lira Tênis Clube - Florianó"]
[Date "2022.01.26"]
[Round "4.201"]
[White "Fanckin, Murilo"]
[Black "Benevenga, Antonio"]
[Result "0-1"]
[WhiteElo "1599"]
[BlackElo "1629"]
[PlyCount "84"]
[EventDate "2022.01.24"]
[EventRounds "10"]
[EventCountry "BRA"]

1. d4 g6 2. c4 Nf6 3. Nc3 Bg7 4. Nf3 d6 5. e3 O-O 6. Bd3 Nbd7 7. O-O c5 8. d5
e5 9. e4 Nh5 10. Be3 Nf4 11. a3 Kh8 12. b4 b6 13. bxc5 Nxc5 14. Bxc5 bxc5 15.
Rb1 f5 16. Qc2 Nxd3 17. Qxd3 f4 18. Nd2 g5 19. f3 h5 20. Qe2 Rf7 21. Kh1 Bf8
22. Qf2 g4 23. fxg4 hxg4 24. Kg1 a6 25. Rb2 Qg5 26. Ne2 Be7 27. Rfb1 Ra7 28.
Rb8 Rf8 29. R1b6 Rc7 30. Rc6 Rxc6 31. dxc6 f3 32. Ng3 fxg2 33. Qxf8+ Bxf8 34.
Rxc8 Qe3+ 35. Kxg2 Qxd2+ 36. Kg1 Qd1+ 37. Nf1 Qd4+ 38. Kg2 Qxe4+ 39. Kg1 Kg7
40. c7 Qb7 41. Rxf8 Kxf8 42. Ne3 Qxc7 0-1

[Event "VIII Floripa Chess Open 2022 - LIRA - m"]
[Site "Lira Tênis Clube - Florianó"]
[Date "2022.01.26"]
[Round "4.202"]
[White "Koinski, Carlos Cesar"]
[Black "Cardoso, Catharina Alves"]
[Result "1-0"]
[WhiteElo "1431"]
[BlackElo "1819"]
[PlyCount "89"]
[EventDate "2022.01.24"]
[EventRounds "10"]
[EventCountry "BRA"]

1. c4 e5 2. Nc3 Nf6 3. Nf3 Nc6 4. d3 Be7 5. e3 O-O 6. a3 Bd6 7. b4 b6 8. Bb2
Bb7 9. Be2 Ne7 10. e4 Ng6 11. g3 c5 12. b5 Bc7 13. Bf1 h6 14. Bg2 Nh7 15. Qd2
Ng5 16. Nxg5 Qxg5 17. Qxg5 hxg5 18. Bc1 Bd8 19. Bh3 d6 20. Bf5 Be7 21. Bd2 Bc8
22. Bxc8 Raxc8 23. Nd5 Bf6 24. a4 Ne7 25. Ne3 a5 26. Ng4 Ng6 27. Ne3 Rfe8 28.
O-O-O Nf8 29. Nd5 Rb8 30. h4 gxh4 31. Nxf6+ gxf6 32. Rxh4 Ne6 33. Rdh1 Nd4 34.
Rh8+ Kg7 35. R1h7+ Kg6 36. Rh6+ Kg7 37. R8h7+ Kf8 38. Be3 Ne2+ 39. Kd2 Ng1 40.
Rh5 Nf3+ 41. Ke2 Ng1+ 42. Kf1 Nf3 43. R7h6 Re6 44. Rh8+ Kg7 45. Rxb8 1-0

[Event "VIII Floripa Chess Open 2022 - LIRA - m"]
[Site "Lira Tênis Clube - Florianó"]
[Date "2022.01.26"]
[Round "4.203"]
[White "Pimentel, Lucas Dos Santos"]
[Black "Damasceno Martins, Carlos Eduardo De S"]
[Result "1-0"]
[WhiteElo "1365"]
[BlackElo "1800"]
[PlyCount "53"]
[EventDate "2022.01.24"]
[EventRounds "10"]
[EventCountry "BRA"]

1. Nf3 Nf6 2. g3 g6 3. Bg2 Bg7 4. O-O O-O 5. c4 d6 6. Nc3 c6 7. d4 Bf5 8. Nh4
Be6 9. e4 Bxc4 10. Re1 e5 11. dxe5 dxe5 12. Be3 Nbd7 13. Qc2 Be6 14. Rad1 Qe7
15. Na4 Rfd8 16. b3 Bf8 17. Nf3 Ng4 18. Bg5 Ngf6 19. h3 h6 20. Be3 Kh7 21. Rd2
Qb4 22. Red1 Qxe4 23. Ng5+ hxg5 24. Bxe4 Nxe4 25. Qxe4 Bxh3 26. Bxg5 f6 27.
Qh4+ 1-0

[Event "VIII Floripa Chess Open 2022 - LIRA - m"]
[Site "Lira Tênis Clube - Florianó"]
[Date "2022.01.26"]
[Round "4.204"]
[White "Monteiro, Samuel Ramazzotte"]
[Black "Votri, Enzo"]
[Result "1-0"]
[WhiteElo "1338"]
[BlackElo "1791"]
[PlyCount "59"]
[EventDate "2022.01.24"]
[EventRounds "10"]
[EventCountry "BRA"]

1. e4 e5 2. Nf3 Nc6 3. d4 d6 4. dxe5 dxe5 5. Qxd8+ Kxd8 6. Nc3 Nf6 7. Bg5 Be7
8. O-O-O+ Ke8 9. Bxf6 Bxf6 10. Nd5 Bd8 11. Bb5 Be6 12. Nxe5 Bd7 13. Nxd7 Kxd7
14. Nb6+ Ke8 15. Nxa8 Ke7 16. Bxc6 bxc6 17. Rd3 Re8 18. Rhd1 Kf8 19. Rxd8 g5
20. Nxc7 Rxd8 21. Rxd8+ Ke7 22. Ra8 h5 23. Rxa7 Kd6 24. a4 Ke5 25. a5 f5 26. a6
Kxe4 27. Ne6 f4 28. Re7 g4 29. a7 h4 30. a8=Q 1-0

[Event "VIII Floripa Chess Open 2022 - LIRA - m"]
[Site "Lira Tênis Clube - Florianó"]
[Date "2022.01.26"]
[Round "4.205"]
[White "Duarte, Giovanna Torqui"]
[Black "Sarda, Joao Sada"]
[Result "1/2-1/2"]
[WhiteElo "1523"]
[BlackElo "1285"]
[PlyCount "101"]
[EventDate "2022.01.24"]
[EventRounds "10"]
[EventCountry "BRA"]

1. d4 Nf6 2. Bf4 g6 3. e3 Bg7 4. Bd3 O-O 5. Nf3 d6 6. O-O Nc6 7. c3 Re8 8. Bc2
e5 9. dxe5 dxe5 10. Qxd8 Rxd8 11. Nxe5 Nxe5 12. Bxe5 c6 13. Rd1 Be6 14. Nd2 Rd5
15. Nf3 Bg4 16. Rxd5 Nxd5 17. Bxg7 Kxg7 18. Ne5 Nf6 19. Nxg4 Nxg4 20. h3 Nf6
21. Rd1 c5 22. f4 Re8 23. Kf2 b6 24. Ba4 Ne4+ 25. Kf3 Re7 26. Bc6 f5 27. Rd7
Rxd7 28. Bxd7 Nd2+ 29. Ke2 Nc4 30. b3 Nd6 31. Bc6 Kf6 32. Kf3 a5 33. e4 fxe4+
34. Bxe4 Nb5 35. c4 Nc3 36. a3 a4 37. Bc2 axb3 38. Bxb3 Nb1 39. Ba2 Nxa3 40. g4
b5 41. cxb5 Nxb5 42. Ke4 Na3 43. Kd3 Nb5 44. Kc4 Nd6+ 45. Kxc5 Ne4+ 46. Kd4 Nf2
47. g5+ Kf5 48. Ke3 Nxh3 49. Bb1+ Kg4 50. Ba2 Nxf4 51. Bg8 1/2-1/2

[Event "VIII Floripa Chess Open 2022 - LIRA - m"]
[Site "Lira Tênis Clube - Florianó"]
[Date "2022.01.26"]
[Round "4.206"]
[White "Vaz, Osvaldo Jose"]
[Black "Hataby, Raed"]
[Result "0-1"]
[WhiteElo "1680"]
[BlackElo "1988"]
[PlyCount "48"]
[EventDate "2022.01.24"]
[EventRounds "10"]
[EventCountry "BRA"]

1. e4 d6 2. d4 Nf6 3. Nc3 g6 4. Be3 Bg7 5. Qd2 c6 6. Bd3 Qa5 7. O-O-O b5 8. Kb1
a6 9. Bh6 Bxh6 10. Qxh6 Be6 11. d5 cxd5 12. exd5 Nxd5 13. Nxd5 Bxd5 14. b3 Bxg2
15. Nh3 Bxh1 16. Qg7 Rf8 17. Ng5 Bb7 18. Nxh7 Nd7 19. h4 O-O-O 20. h5 gxh5 21.
Bf5 e6 22. Bh3 h4 23. f4 Qc7 24. f5 Be4 0-1

[Event "VIII Floripa Chess Open 2022 - LIRA - m"]
[Site "Lira Tênis Clube - Florianó"]
[Date "2022.01.26"]
[Round "4.208"]
[White "Dos Santos, Rafael Goncalves"]
[Black "Espindola, Carlos Marcelo"]
[Result "1-0"]
[WhiteElo "1794"]
[BlackElo "1441"]
[PlyCount "41"]
[EventDate "2022.01.24"]
[EventRounds "10"]
[EventCountry "BRA"]

1. e4 e5 2. Nc3 Nf6 3. f4 Nc6 4. Nf3 d6 5. Bb5 Bg4 6. d4 exd4 7. Qxd4 Bxf3 8.
gxf3 a6 9. Bxc6+ bxc6 10. Be3 Be7 11. Rg1 c5 12. Qd2 O-O 13. Qg2 g6 14. f5 Nh5
15. O-O-O Bf6 16. Nd5 Bg7 17. Bg5 Qb8 18. f6 Nxf6 19. Nxf6+ Kh8 20. Qh3 Re8 21.
Qxh7# 1-0

[Event "VIII Floripa Chess Open 2022 - LIRA - m"]
[Site "Lira Tênis Clube - Florianó"]
[Date "2022.01.26"]
[Round "4.209"]
[White "Vilas Boas, Crisolon Terto"]
[Black "Frattini, Beatriz Maria"]
[Result "1/2-1/2"]
[WhiteElo "1488"]
[BlackElo "1948"]
[PlyCount "31"]
[EventDate "2022.01.24"]
[EventRounds "10"]
[EventCountry "BRA"]

1. e4 c5 2. Nf3 Nc6 3. Be2 d6 4. O-O Nf6 5. d3 e6 6. Bg5 Be7 7. Nbd2 O-O 8. Re1
b5 9. Bf1 Qc7 10. Rc1 Rb8 11. a3 d5 12. exd5 exd5 13. c4 bxc4 14. dxc4 Rxb2 15.
cxd5 Nxd5 16. Nc4 1/2-1/2

[Event "VIII Floripa Chess Open 2022 - LIRA - m"]
[Site "Lira Tênis Clube - Florianó"]
[Date "2022.01.26"]
[Round "4.212"]
[White "Muniz, Henrique Rocha"]
[Black "Santana, Luiz Alberto"]
[Result "1-0"]
[WhiteElo "1279"]
[BlackElo "1770"]
[PlyCount "53"]
[EventDate "2022.01.24"]
[EventRounds "10"]
[EventCountry "BRA"]

1. e4 c5 2. Nf3 d6 3. d4 cxd4 4. Nxd4 Nf6 5. Nc3 a6 6. Bd3 e6 7. Bg5 Be7 8. Nf3
Nbd7 9. Qe2 Qc7 10. Bf4 e5 11. Bg5 Nb6 12. a4 Be6 13. a5 Nc4 14. Nd5 Bxd5 15.
exd5 Nxb2 16. Bf5 Qc3+ 17. Kf1 Nc4 18. Ra4 Nb2 19. Bd2 Qc7 20. Rb4 Qxa5 21.
Rxb7 Qa1+ 22. Ne1 Na4 23. Qc4 Nc5 24. Bc3 Qd1 25. Rxe7+ Kxe7 26. Bxe5 Qxd5 27.
Bxf6+ 1-0